00727 2200253 4500001002100000005001700021008004100038020002200079035002400101040001200125082001800137084001800155090002000173100001600193245006400209260003300273300003100306440002400337650003900361700002500400850001200425990001800437990001800455INLIS00000000000694220170517090913.0  a978-979-26-9358-4 0010-061500000001063 aYOPDYOG 2[23]a370.114 a370.114 Ali A aK 370.114 Ali A aALI MUAKHIR aAku anak jujurc/ Ali Muakhir; Editor, Ana Puspita Dewiyana aBandungbPelangi Mizanc2014 a28 hlm.b: ilus.c; 18 cm. aHalo balita : Value aPendidikan Moral - Metode Simulasi aAna Puspita Dewiyana aYOPDYOG a18060-PD/B.15 a18061-PD/B.15